Socialistický obchod Měsičník ministerstev obchodu ČSR a SSR

Guardado en:
Detalles Bibliográficos
Formato: Seriadas
Lenguaje:checo
Publicado: Praha Merkur 1986
Etiquetas: Agregar Etiqueta
Sin Etiquetas, Sea el primero en etiquetar este registro!

MARC

LEADER 00000nas2a2200000 4500
001 s036638
005 20250730114147.8
041 0 |a cze 
044 |a CZ 
245 1 0 |a Socialistický obchod  |b Měsičník ministerstev obchodu ČSR a SSR 
264 1 |a Praha  |b Merkur  |c 1986 
300 |a 1 zv. 
773 0 |w eu_un_cat*s120466